A chronicle of the peacocks : (Record no. 5613)
[ view plain ]
| 000 -LEADER | |
|---|---|
| fixed length control field | 01348cam a2200205 4500 |
| 001 - CONTROL NUMBER | |
| control field | 6664 |
| 020 ## - INTERNATIONAL STANDARD BOOK NUMBER | |
| International Standard Book Number | 0195671740 |
| 100 0# - MAIN ENTRY--PERSONAL NAME | |
| Personal name | Husain, Intizar. |
| Dates associated with a name | |
| 245 12 - TITLE STATEMENT | |
| Title | A chronicle of the peacocks : |
| Remainder of title | stories of partition, exile and lost memories / |
| Statement of responsibility, etc. | Intizar Husain ; translated from Urdu by Alok Bhalla, Vishwamitter Adil |
| 260 ## - PUBLICATION, DISTRIBUTION, ETC. | |
| Place of publication, distribution, etc. | New Delhi ; |
| Name of publisher, distributor, etc. | Oxford University Press, |
| Date of publication, distribution, etc. | 2002. |
| 300 ## - PHYSICAL DESCRIPTION | |
| Extent | xviii, 257 p. ; |
| Dimensions | 22 cm |
| 440 #0 - SERIES STATEMENT/ADDED ENTRY--TITLE | |
| Title | Oxford India paperbacks |
| 505 ## - FORMATTED CONTENTS NOTE | |
| Formatted contents note | CONTENTS: An unwritten epic -- Complete knowledge -- The city of sorrows -- A letter from India -- Tortoise -- The boat -- The one-eyed Dajjal -- The story of the Parrot and the Mynah -- Leaves -- Platform -- Barium carbonate -- Hisaar -- The staircase -- The jungle of the gonds -- A chronicle of the peacocks -- Partition, exile and memories of a lost home : an interview with Intizar Husain by Alok Bhalla -- Glossary |
| Miscellaneous information | |
| Statement of responsibility | |
| Title | |
| 520 ## - SUMMARY, ETC. | |
| Summary, etc. | The fifteenth stories in this volume, introduced by Alok Bhalla, Draw upon the rich narrative traditions of Hindu and Buddhist mythologies and characterize Intizar Husain's unique understanding of Muslim identity in the Indian subcontinent. |
| 546 ## - LANGUAGE NOTE | |
| Language note | Translated from the Urdu |
| 650 #0 - SUBJECT ADDED ENTRY--TOPICAL TERM | |
| Topical term or geographic name entry element | Muslims |
| Geographic subdivision | India |
| Form subdivision | Fiction |
| 651 #0 - SUBJECT ADDED ENTRY--GEOGRAPHIC NAME | |
| Geographic name | India |
| General subdivision | History |
| Chronological subdivision | Partition, 1947 |
| Form subdivision | Fiction |
| 700 1# - ADDED ENTRY--PERSONAL NAME | |
| Personal name | Adil, Vishwamitter |
| Personal name | Bhalla, Alok |
| Withdrawn status | Lost status | Source of classification or shelving scheme | Damaged status | Not for loan | Collection code | Home library | Current library | Shelving location | Date acquired | Serial Enumeration / chronology | Inventory number | Total Checkouts | Full call number | Barcode | Date last seen | Date last checked out | Price effective from | Koha item type |
|---|---|---|---|---|---|---|---|---|---|---|---|---|---|---|---|---|---|---|
| Dewey Decimal Classification | Main TEST | RTC Library | RTC Library | Main opac | 27/11/2018 | 10380 | 1 | 891.4 HUS | 30011146 | 18/09/2023 | 05/09/2023 | 27/11/2018 | Main |